000 00620nam a22002177a 4500
999 _c12951
_d12951
003 AR-CdUCM
008 190410b ||||| |||| 00| 0 spa d
040 _aMUNICIPALIDAD PROVINCIAL DEL CUSCO
_cBIBLIOTECA MUNICIPAL DEL CUSCO
082 _a860.5 /
_bSA17
100 _aSalas Gamarra, Armando
_925244
245 _aSalccantay /
_b(novela)
260 _bImprenta la popular.
300 _a94 paginas ;
_c21 cm.
500 _aDedicatoria
505 _aContenido : Novela
650 _aNovela
_95
650 _aPoesia
_91598
650 _aLiteratura Peruana
_9132
942 _2ddc
_cLIBROS
945 _awnts
_d2019-04-10